<?xml version="1.0" encoding="UTF-8"?><?xml-stylesheet type="text/xsl" href="static/style.xsl"?><OAI-PMH xmlns="http://www.openarchives.org/OAI/2.0/" xmlns:xsi="http://www.w3.org/2001/XMLSchema-instance" xsi:schemaLocation="http://www.openarchives.org/OAI/2.0/ http://www.openarchives.org/OAI/2.0/OAI-PMH.xsd"><responseDate>2026-06-01T01:04:55Z</responseDate><request verb="GetRecord" identifier="oai:riuma.uma.es:10630/32049" metadataPrefix="marc">https://riuma.uma.es/rest/oai/request</request><GetRecord><record><header><identifier>oai:riuma.uma.es:10630/32049</identifier><datestamp>2026-02-03T12:24:30Z</datestamp><setSpec>com_10630_2254</setSpec><setSpec>col_10630_37959</setSpec></header><metadata><record xmlns="http://www.loc.gov/MARC21/slim" xmlns:dcterms="http://purl.org/dc/terms/" xmlns:doc="http://www.lyncode.com/xoai" xmlns:xsi="http://www.w3.org/2001/XMLSchema-instance" xsi:schemaLocation="http://www.loc.gov/MARC21/slim http://www.loc.gov/standards/marcxml/schema/MARC21slim.xsd">
   <leader>00925njm 22002777a 4500</leader>
   <datafield ind2=" " ind1=" " tag="042">
      <subfield code="a">dc</subfield>
   </datafield>
   <datafield ind2=" " ind1=" " tag="720">
      <subfield code="a">López-Laguna, Alba</subfield>
      <subfield code="e">author</subfield>
   </datafield>
   <datafield ind2=" " ind1=" " tag="720">
      <subfield code="a">Polonio Escalona, Alvaro Acisclo</subfield>
      <subfield code="e">author</subfield>
   </datafield>
   <datafield ind2=" " ind1=" " tag="720">
      <subfield code="a">Ruiz-Jiménez, Laura</subfield>
      <subfield code="e">author</subfield>
   </datafield>
   <datafield ind2=" " ind1=" " tag="720">
      <subfield code="a">Vielba-Fernández, Alejandra</subfield>
      <subfield code="e">author</subfield>
   </datafield>
   <datafield ind2=" " ind1=" " tag="720">
      <subfield code="a">Pérez-García, Alejandro</subfield>
      <subfield code="e">author</subfield>
   </datafield>
   <datafield ind2=" " ind1=" " tag="720">
      <subfield code="a">Fernández-Ortuño, Dolores</subfield>
      <subfield code="e">author</subfield>
   </datafield>
   <datafield ind2=" " ind1=" " tag="260">
      <subfield code="c">2024</subfield>
   </datafield>
   <datafield ind2=" " ind1=" " tag="520">
      <subfield code="a">Botrytis cinerea, the causal agent of the gray mold disease, is one of the main limiting factors of horticultural crops production worldwide. Its control is very dependent on the use of fungicides; however, this fungus has been categorized by FRAC (Fungicide Resistance Action Committee) as a high-risk pathogen for fungicide resistance development. In addition, and according to the "farm to fork" strategy of the European Green Deal, the diversity of fungicides available to growers will be reduced by 50% in 2030. For all these reasons, new advances and technologies are needed to control this important harvest and postharvest disease. &#xd;
Aptamers, also called chemical antibodies, are small synthetic single-stranded DNA or RNA molecules that fold into unique three-dimensional structures, allowing them to bind specifically to a target molecule with high stability. In this work, two DNA aptamers against the SOD1 protein of B. cinerea (BcSOD1) were developed. BcSOD1 is involved in the virulence/pathogenicity of B. cinerea as it catalyses the dismutation of the superoxide-ion, produced as a host plant defence system. To test the effectiveness of both aptamers, sensitivity assays (effect on conidia germination, detached leaf, and fruit assays), fungal biomass analysis and aptamer uptake studies were carried out. The results showed that both aptamers were taken by the fungus and inhibited the conidia germination of B. cinerea by 60%. Furthermore, it was demonstrated that both were able to reduce B. cinerea growth and fungal biomass by 50% and 60%, respectively, on tomato leaves and apple fruit. &#xd;
These results demonstrate the potential, for the first time in agriculture, of DNA aptamers to be novel candidates that could be included within the different strategies to control the gray mold disease.</subfield>
   </datafield>
   <datafield ind1="8" ind2=" " tag="024">
      <subfield code="a">https://hdl.handle.net/10630/32049</subfield>
   </datafield>
   <datafield tag="653" ind2=" " ind1=" ">
      <subfield code="a">Hongos fitopatógenos - Control</subfield>
   </datafield>
   <datafield ind2="0" ind1="0" tag="245">
      <subfield code="a">DNA-Aptamers as a novel strategy in agriculture to control the gray mold disease caused by Botrytis cinerea.</subfield>
   </datafield>
</record>
</metadata></record></GetRecord></OAI-PMH>